| 000 | 00639nam a2200241 a 4500 | ||
|---|---|---|---|
| 005 | 20210219153441.0 | ||
| 008 | 991125n 000 0 u | ||
| 035 | _aUPN01000100546 | ||
| 100 | _aStevens, Lawrence | ||
| 222 | _aSOCIAL EDUCATION | ||
| 245 | _aA social studies computer lab | ||
| 300 | _a8-10 | ||
| 362 | _a57, No. 1, 1993 | ||
| 505 | _aOctubre 1993 | ||
| 653 | 0 | _aCENTROS DE COMPUTO | |
| 653 | 0 | _aEAC | |
| 653 | 0 | _aEVALUACION DEL SOFTWARE ORDENADOR | |
| 653 | 0 | _aINSTRUCCION DE HISTORIA | |
| 653 | 0 | _aSIMULACION EN COMPUTADORA | |
| 653 | 0 | _aTECNOLOGIA EDUCATIVA | |
| 904 |
_aAC _b038357 |
||
| 905 | _aArticulo | ||
| 999 |
_c77190 _d77190 |
||